Desierto de los Leones (Record no. 5992)
[ view plain ]
| 000 -CABECERA | |
|---|---|
| campo de control de longitud fija | 00790nam a2200229 a 4500 |
| 001 - NÚMERO DE CONTROL | |
| campo de control | BRCA_6306 |
| 005 - FECHA Y HORA DE LA ÚLTIMA TRANSACCIÓN | |
| campo de control | 20190320205416.0 |
| 008 - DATOS DE LONGITUD FIJA--INFORMACIÓN GENERAL | |
| campo de control de longitud fija | 040811s1922----mx-ae#####---#000-0#spa-# |
| 041 ## - CÓDIGO DE LENGUA | |
| Código de lengua del texto/banda sonora o título independiente | spa |
| 044 ## - CÓDIGO DEL PAÍS DE LA ENTIDAD EDITORA/PRODUCTORA | |
| Código MARC del país | mx |
| 050 #4 - SIGNATURA TOPOGRÁFICA DE LA BIBLIOTECA DEL CONGRESO | |
| Número de clasificación | F1386.5 |
| Número de documento/Ítem | .T67 1922 |
| 100 1# - ENTRADA PRINCIPAL--NOMBRE DE PERSONA | |
| Nombre de persona | Tornel Olvera, Augustín |
| 9 (RLIN) | 15823 |
| 245 10 - MENCIÓN DE TÍTULO | |
| Título | Desierto de los Leones |
| Mención de responsabilidad, etc. | Augustín Tornel Olvera. |
| 260 ## - PUBLICACIÓN, DISTRIBUCIÓN, ETC. | |
| Lugar de publicación, distribución, etc. | México |
| Nombre del editor, distribuidor, etc. | Secretaria de Agricultura y Fomento, Dirección Forestal y de Caza y Pesca |
| Fecha de publicación, distribución, etc. | 1922 |
| 300 ## - DESCRIPCIÓN FÍSICA | |
| Extensión | 74 p. |
| Otras características físicas | il., planos |
| Dimensiones | 23 cm. |
| 500 ## - NOTA GENERAL | |
| Nota general | Incluye planos del Ex Convento Carmelita del Desierto de los Leones |
| 500 ## - NOTA GENERAL | |
| Nota general | K168 |
| 651 #4 - PUNTO DE ACCESO ADICIONAL DE MATERIA--NOMBRE GEOGRÁFICO | |
| Nombre geográfico | Desierto de los Leones, D.F. |
| Subdivisión general | Descripción |
| 9 (RLIN) | 15824 |
| 651 #4 - PUNTO DE ACCESO ADICIONAL DE MATERIA--NOMBRE GEOGRÁFICO | |
| Nombre geográfico | Desierto de los Leones |
| Subdivisión de forma | Ex Convento Carmelita |
| Subdivisión general | Descripción |
| 9 (RLIN) | 15825 |
| 902 ## - CATALOGADOR | |
| Iniciales | GFM |
| 942 ## - ELEMENTOS DE PUNTO DE ACCESO ADICIONAL (KOHA) | |
| Fuente del sistema de clasificación o colocación | Library of Congress Classification |
| Tipo de ítem Koha | Libros |
| Estado de retiro | Estado de pérdida | Estado dañado | No para préstamo | Localización permanente | Ubicación/localización actual | Fecha de adquisición | Número de inventario | Total de préstamos | Signatura topográfica completa | Código de barras | Fecha visto por última vez | Precio válido a partir de | Tipo de ítem Koha |
|---|---|---|---|---|---|---|---|---|---|---|---|---|---|
| El ejemplar forma parte de la colección y puede ser consultado según las políticas vigentes. | Biblioteca del Museo Franz Mayer (Rogerio Casas-Alatriste) | Biblioteca del Museo Franz Mayer (Rogerio Casas-Alatriste) | 04/08/2011 | K168 | F1386.5 .T67 1922 (K168) | 6745 | 22/03/2019 | 22/03/2019 | Libros |